00667 2200217 4500001002100000005001500021035002000036007000300056008004100059020002200100082001100122084001700133100002500150245012600175250001700301260003600318300003300354650002100387504003100408990001000439INLIS00000000000158420180215112148 a0010-0218000179ta180215 g 0 ind  a978-602-262-013-6 a307.72 a307.72 RAH p0 aRAHARDJO, Adisasmita1 aPembangunan Perdesaan :bPendekatan Partisipatif, Tipologi, Stategi, Konsep Desa Pusat Pertumbuhan /cRahardjo Adisasmita aEd. 1 Cet. 1 aYogyakarta :bGraha Ilmu,c2013 axii; 174 hlm ;c21 x 25,5 cm aPEMBANGUNAN DESA aBibliografi; hlm 171 - 172 a15472